000 00512nam a2200133Ia 4500
008 100328s9999 xx 000 0 und d
082 _b12345
100 _aमाडखोलकर ग.त्र्यं.
245 _aविष्णू कृष्ण चिपळूणकर
260 _bमहेश्वर मुद्रणालय
630 _aविष्णू कृष्ण चिपळूणकर
730 _aविष्णू कृष्ण चिपळूणकर
942 _cBOOK
999 _c507603
_d507600